000 00394pab a2200169 454500
008 180718b2009 xxu||||| |||| 00| 0 eng d
100 _aHoyt, Timothy D.
245 _aIndia and crisis management
260 _c2009
300 _ap.19-23.
362 _aJul
650 _aDisaster prevention - India
650 _aDisaster prevention
773 _aSeminar
908 _aN
909 _a82944
999 _c82944
_d82944